"Supply Chain Management: Strategy, Planning, and Operation" (Record no. 45079)

MARC details
000 -LEADER
fixed length control field 00485nam a2200181Ia 4500
008 - FIXED-LENGTH DATA ELEMENTS--GENERAL INFORMATION
fixed length control field 230524s9999 xx 000 0 und d
020 ## - INTERNATIONAL STANDARD BOOK NUMBER
ISBN 9788131711309
082 ## - DEWEY DECIMAL CLASSIFICATION NUMBER
Classification number 658.15
Item number CHO
100 ## - MAIN ENTRY--AUTHOR NAME
Personal name Sunil Chopra
245 #0 - TITLE STATEMENT
Title "Supply Chain Management: Strategy, Planning, and Operation"
250 ## - EDITION STATEMENT
Edition statement 3RD
260 ## - PUBLICATION, DISTRIBUTION, ETC. (IMPRINT)
Place of publication NEW DELHI
Name of publisher Pearson
Year of publication 2009
300 ## - PHYSICAL DESCRIPTION
Number of Pages XIV;636
500 ## - GENERAL NOTE
General note Quantity Number: 4
650 ## - SUBJECT ADDED ENTRY--TOPICAL TERM
Topical Term Management
700 ## - ADDED ENTRY--PERSONAL NAME
Personal name " Peter Meindl, D.V.Kalra,,,"
942 ## - ADDED ENTRY ELEMENTS (KOHA)
Koha item type Books
Holdings
Lost status Damaged status Permanent Location Current Location Shelving location Date acquired Full call number Accession Number Koha item type
    Central Library, Trident Academy of Technology Central Library, Trident Academy of Technology General Stacks 05/24/2023 658.15 CHO 34346 Books
    Central Library, Trident Academy of Technology Central Library, Trident Academy of Technology General Stacks 05/24/2023 658.15 CHO 34347 Books
    Central Library, Trident Academy of Technology Central Library, Trident Academy of Technology General Stacks 05/24/2023 658.15 CHO 37506 Books
    Central Library, Trident Academy of Technology Central Library, Trident Academy of Technology General Stacks 05/24/2023 658.15 CHO 37507 Books
Trident Academy of Technology © 2023.
All rights reserved.                                                                                                                                                                                                        Designed by Team of Central Library .

Powered by Koha